000 01128nas a2200337 4500
001 BR8001516
003 BR-BrBNA
005 20231205084231.0
007 ta
008 230509b bl.|||p| |||| 00| 00por d
040 _aBR-BrBNA
_bpor
_cBiblioteca Nacional de Agricultura
041 _a(Pt)
072 _aF25; F60
100 1 _aGavazoni, J.C.
100 1 _aGomide, J.A.
100 1 _aGomes, J.C.
245 1 _aResposta do siratro a aplicacao de fosforo, potassio, calcario e micronutrientes [Macroptilium atropurpureum]
246 1 _a[Response of the legume siratro to phosphate, potassium, limestone and micronutrients [Macroptilium atropurpureum]]
650 _aFertilidade do solo
650 _aNutricao vegetal
650 _aSiratro
650 _aFertilizante fosfatado
650 _aFertilizante potassico
650 _aCalcario
650 _aFosforo
650 _aPotassio
650 _aMicroelemento
773 0 _tRevista da Sociedade Brasileira de Zootecnia (Brazil)
_xISSN 0100-4859
_g(1979), v. 8(3) p. 407-420
_wBR8001516
909 _a202311
_bLúcia
_c55
_dLúcia Elande
942 _2AGRIS
_n0
_cANA
999 _c103936
_d103936